00541nam a22001697a 4500003000400000008004100004082001800045100002400063245014200087260006800229300000900297502001700306650001700323650000900340650001100349650001100360OSt260430b |||||||| |||| 00| 0 eng d a635.648bM29E aMandal, Parma Nand. aEffect of the Growth Regulators on Growth, Yield and Quality of Hybrid Okra (Abelmoschus esculentus (L.) Moench) / cby Parma Nand Mandal a.- Sabour, Bhagalpurb: Bihar Agricultural College, RAUc, 2007 a68p. bM. Sc.d2007 aHorticulture aOkra aThesis aM. Sc.